X-Men: Dark Phoenix (2019) Characters - Statistics

General Stats
  • This quiz has been taken 23 times
  • The average score is 9 of 12
Answer Stats
Hint Answer % Correct
Tye Sheridan Cyclops/Scott Summers
100%
Sophie Turner Jean Grey/Dark Phoenix
100%
Michael Fassbender Magneto/Erik Lehnsher
100%
James McAvoy Professor X/Charles Xavier
100%
Nicholas Hoult Beast/Hank McCoy
95%
Jennifer Lawrence Mystique/Raven Darkholme
95%
Evan Peters Quicksilver/Piotro Maximoff
95%
Kodi Smit-McPhee Nightcrawler/Kurt Wagner
85%
Alexandra Shipp Storm/Ororo Munroe
85%
Jessica Chastain Vuk
45%
Scott Shepherd John Grey
25%
Halston Sage Dazzler
20%
No matching quizzes found
Score Distribution
Percent of People with Each Score
Percentile by Number Answered
Your Score History
You have not taken this quiz